Statistics for Európai fővárosok

Click here to take the quiz!

General Stats

  • This quiz has been taken 1 715 times
  • The average score is 29 of 45

Answer Stats

OrszágFőváros% Correct
MagyarországBudapest
94%
Egyesült KirályságLondon
93%
AusztriaBécs
91%
FranciaországPárizs
90%
OlaszországRóma
87%
NémetországBerlin
86%
GörögországAthén
84%
RomániaBukarest
84%
SpanyolországMadrid
84%
CsehországPrága
84%
OroszországMoszkva
81%
BelgiumBrüsszel
78%
UkrajnaKijev
75%
HollandiaAmszterdam
74%
BulgáriaSzófia
74%
ÍrországDublin
73%
DániaKoppenhága
72%
VatikánVatikánváros
72%
NorvégiaOslo
71%
LengyelországVarsó
70%
HorvátországZágráb
70%
SzlovákiaPozsony
69%
FinnországHelsinki
68%
SvájcBern
65%
PortugáliaLisszabon
63%
MonacoMonaco
62%
San MarinoSan Marino
61%
SvédországStockholm
61%
SzerbiaBelgrád
57%
AlbániaTirana
55%
FehéroroszországMinszk
54%
LettországRiga
54%
Bosznia-HercegovinaSzarajevó
54%
LuxemburgLuxembourg
53%
SzlovéniaLjubljana
52%
IzlandReykjavík
49%
ÉsztországTallinn
42%
LitvániaVilnius
41%
AndorraAndorra la Vella
39%
Észak-MacedóniaSzkopje
39%
LiechtensteinVaduz
36%
KoszovóPristina
34%
MáltaValletta
32%
MontenegróPodgorica
31%
MoldovaChișinău
27%

Score Distribution

Percentile by Number Answered

Percent of People with Each Score

Your Score History

You have not taken this quiz